00503nam a22001577a 4500020001500000040000900015082001500024100001700039245007500056250001700131260002800148650003300176942001200209999001900221952010500240 a0256125767 cNust a658.5bBOY aBoyd9127466 aMarketing management bA strategic approach with a global orientation  a2nd edition  aChicago:bIRWIN,c1995. aMarketing management 913752 2ddccBK c612585d612585 00102ddc4070aCEMEbCEMEcGENd2025-01-10l0o658.5 BOYpCEME- 34511r2025-01-10w2025-01-10yBK